Escuela Técnica Superior de Ingenieros Industriales : Cuerpo Docente y Organización de las Enseňanzas

Salvato in:
Dettagli Bibliografici
Natura: Libro
Lingua:spagnolo
Pubblicazione: Madrid : Univ.Politecnica, 1986
Soggetti:
Tags: Aggiungi Tag
Nessun Tag, puoi essere il primo ad aggiungerne!!

MARC

LEADER 00000nam a22000003a 4500
001 stu35964
005 20150408180924.0
008 920519s1986----sp------------------spa-d
040 |a STU  |b slo 
041 0 |a spa 
044 |a sp 
080 |a 378.662(460) 
245 |a Escuela Técnica Superior de Ingenieros Industriales :  |b Cuerpo Docente y Organización de las Enseňanzas 
260 |a Madrid :  |b Univ.Politecnica,  |c 1986 
300 |a 145 s 
650 7 |a Školy vysoké technické španielské  |2 stusub 
650 7 |a Universidad Politecnica  |2 stusub 
650 7 |a Madrid  |2 stusub 
996 |b 284M061868  |c M*1874-1  |l MMKN  |s A  |a 24  |w stu35964_0001